000 00890nam a2200301Ia 4500
003 OSt
005 20221006140818.0
006 a|||||r|||| 00| 0
007 ta
008 221006b |||||||| |||| 00| 0 eng d
020 _a9780674003347
_c
_35.00 (each)
024 _a697
037 _b66169, 31/01/2001, I B D
_cTextual
040 _aEASL
_cEASL
_beng
041 _2eng
_aeng
082 _aV42.N9, P0
100 _aJANSEN Marius B
245 0 _aMaking of modern Japan
260 _aCambridge
_bHarvard Univ. Press
_c2000
300 _axviii,872p.
_ccm.
490 _v TB
500 _aAcc. No. 1394998 is gift from Japan Foundation
650 _a Japan history Meiji period
650 _a JEL
650 _aJapan history Tokugawa period
_9643516
942 _hV42.N9, P0
_cTEXL
_2CC
999 _c1068784
_d1068784